000 00415nam a2200157Ia 4500
008 230312s9999||||xx |||||||||||||| ||und||
020 _a0-201-63453-8
082 _a005.133
_bGOS-J
100 _aGoslin James
245 0 _aJava Application Programming Interface
260 _bAddison Wesley
_aNew York
_c1996
300 _a494
546 _aEng.
650 _aComputer
_vBit of History , Java Series ,
942 _cBK
999 _c3172
_d3172